000 00299nam a22001337a 4500
008 170529b xxu||||| |||| 00| 0 eng d
020 _a0442211848
041 _aeng
080 _a621.38
100 _a27
101 _aIM
245 _aHANDBOOK OF MAGNETIC PHENOMENA
_cBURKE, H.E
942 _2udc
_cBK
999 _c14728
_d14728